[Event "C.to Regionale Sardegna"]
[Site "Cagliari ITA"]
[Date "2015.06.01"]
[Round "4"]
[White "Erriu, Giampiero"]
[Black "Carucci, Bruno"]
[WhiteElo "1633"]
[BlackElo "1410"]
[Result "1/2-1/2"]
[PlyCount "46"]
[EventDate "2015.05.30"]

1. Nf3 d5 2. g3 e6 3. Bg2 a6 4. O-O c5 5. d3 Be7 6. Nbd2 Nc6 7. e4 Nf6 8. exd5
exd5 9. Re1 O-O 10. c3 Bg4 11. Nf1 Qc7 12. Bf4 Bd6 13. Bxd6 Qxd6 14. Qd2 Rad8
15. h3 Bxf3 16. Bxf3 Ne5 17. Bg2 Rfe8 18. Ne3 b5 19. Re2 Qb6 20. Rae1 Kf8 21.
Nf5 Qb8 22. Qg5 Ng6 23. Qd2 Qc8 1/2-1/2

[Event "C.to Regionale Sardegna"]
[Site "Cagliari ITA"]
[Date "2015.06.01"]
[Round "4"]
[White "Mameli, Gianluca"]
[Black "Altea, Alessandro"]
[WhiteElo "1957"]
[BlackElo "2072"]
[Result "0-1"]
[PlyCount "58"]
[EventDate "2015.05.30"]

1. e4 c5 2. Nf3 e6 3. Nc3 a6 4. d4 cxd4 5. Nxd4 Qc7 6. Bd3 Nf6 7. O-O Be7 8.
Be3 O-O 9. a4 d6 10. Qf3 Nc6 11. Nxc6 bxc6 12. a5 Bb7 13. Bb6 Qc8 14. Qh3 c5
15. b3 g6 16. Rae1 Nd7 17. f4 Nxb6 18. axb6 Qc6 19. f5 Bf6 20. e5 dxe5 21. Ne4
exf5 22. Rxf5 Bg7 23. Rf2 Qxb6 24. Ng5 h6 25. Nxf7 Bd5 26. Nxh6+ Bxh6 27. Qxh6
Rxf2 28. Bxg6 Rxg2+ 29. Kf1 Qf6+ 0-1

[Event "C.to Regionale Sardegna"]
[Site "Cagliari ITA"]
[Date "2015.06.01"]
[Round "4"]
[White "Olivieri, Guglielmo"]
[Black "Agus, Lorenzo"]
[WhiteElo "1566"]
[BlackElo "1574"]
[Result "1/2-1/2"]
[PlyCount "58"]
[EventDate "2015.05.30"]

1. e4 e5 2. Nf3 f5 3. d3 d6 4. h3 Nf6 5. Nc3 Be7 6. g3 O-O 7. Bg2 fxe4 8. Nxe4
Nxe4 9. dxe4 Be6 10. O-O Nd7 11. b3 Nf6 12. Qe2 Qe8 13. Bb2 Qh5 14. h4 Bg4 15.
Qd3 Nd7 16. Qd5+ Kh8 17. Nh2 c6 18. Qd2 Be6 19. f4 exf4 20. Rxf4 Qg6 21. Qe3
Nc5 22. Raf1 Rxf4 23. Rxf4 Nd7 24. Kh1 Nf6 25. Nf1 Nh5 26. Rf2 Nf6 27. Nh2 Nh5
28. Nf1 Nf6 29. Nh2 Nh5 1/2-1/2

[Event "C.to Regionale Sardegna"]
[Site "Cagliari ITA"]
[Date "2015.06.01"]
[Round "4"]
[White "Pannella, Maria Cristina"]
[Black "Ardu, Luigi"]
[WhiteElo "1431"]
[BlackElo "1800"]
[Result "0-1"]
[PlyCount "84"]
[EventDate "2015.05.30"]

1. e4 Nc6 2. d4 d5 3. exd5 Qxd5 4. Nf3 e5 5. Nc3 Bb4 6. dxe5 Qxd1+ 7. Kxd1 Bg4
8. Bf4 O-O-O+ 9. Bd3 Nd4 10. h3 Bxf3+ 11. gxf3 Nxf3 12. Kc1 Ne7 13. Be2 Nd4 14.
Bg4+ Kb8 15. Bg5 Rhe8 16. Rd1 a6 17. Kb1 h6 18. a3 Bxc3 19. Bxe7 Rxe7 20. bxc3
Nc6 21. Rxd8+ Nxd8 22. f4 Ne6 23. Bxe6 Rxe6 24. Kb2 g5 25. fxg5 hxg5 26. Rf1
Rxe5 27. Rxf7 Re3 28. Rf5 Rg3 29. Kc1 Rxc3 30. Rxg5 Rxh3 31. Kb2 b5 32. Rc5 Kb7
33. Rc3 Rxc3 34. Kxc3 Kb6 35. Kb4 a5+ 36. Kb3 Kc5 37. Kc3 c6 38. Kd3 b4 39. a4
Kd5 40. Kd2 Kc4 41. Kd1 b3 42. cxb3+ Kxb3 0-1

[Event "C.to Regionale Sardegna"]
[Site "Cagliari ITA"]
[Date "2015.06.01"]
[Round "4"]
[White "Rocchiccioli, Francesco"]
[Black "Buttau, Giancarlo"]
[WhiteElo "1380"]
[BlackElo "1416"]
[Result "0-1"]
[PlyCount "72"]
[EventDate "2015.05.30"]

1. e4 c5 2. Nf3 d6 3. Bc4 Nf6 4. Nc3 g6 5. d3 Bg7 6. O-O O-O 7. Bd2 a6 8. a3 b6
9. h3 Bb7 10. Be3 Nc6 11. d4 cxd4 12. Nxd4 Rc8 13. Nxc6 Bxc6 14. Bxa6 Rb8 15.
Bc4 Nxe4 16. Nxe4 Bxe4 17. Bd4 e5 18. Bc3 Bb7 19. Qe2 Qc7 20. Rad1 Rbc8 21. Ba2
Ba8 22. f4 Rfd8 23. Bd5 Qc5+ 24. Qf2 Bxd5 25. Qxc5 dxc5 26. fxe5 Bc4 27. Rfe1
Rxd1 28. Rxd1 Re8 29. b3 Bb5 30. Re1 Bc6 31. b4 Ba4 32. bxc5 bxc5 33. Re2 Rd8
34. Kh2 Rd1 35. Rf2 Rc1 36. e6 fxe6 0-1

[Event "C.to Regionale Sardegna"]
[Site "Cagliari ITA"]
[Date "2015.06.01"]
[Round "4"]
[White "Serra, Emanuele"]
[Black "Neri, Enzo"]
[WhiteElo "1815"]
[BlackElo "2036"]
[Result "0-1"]
[PlyCount "66"]
[EventDate "2015.05.30"]

1. c4 c6 2. d4 d5 3. e3 Nf6 4. Nf3 Bf5 5. Nc3 e6 6. Bd3 Bxd3 7. Qxd3 Nbd7 8.
O-O Bd6 9. Re1 O-O 10. e4 dxc4 11. Qxc4 e5 12. dxe5 Nxe5 13. Nxe5 Bxe5 14. Bg5
Bxh2+ 15. Kh1 Be5 16. f4 Qd4 17. Qb3 Ng4 18. Rad1 Nf2+ 19. Kh2 Nxd1 20. Nxd1
Bf6 21. Bxf6 Qxf6 22. Qe3 Rfd8 23. e5 Qf5 24. Nf2 Qc2 25. Re2 Qc4 26. b3 Qd4
27. Qg3 Kh8 28. Ne4 Qd1 29. Nc3 Qd3 30. Re3 Qf5 31. Qf3 g5 32. fxg5 Qxg5 33.
Qxf7 Rf8 0-1

[Event "C.to Regionale Sardegna"]
[Site "Cagliari ITA"]
[Date "2015.06.01"]
[Round "4"]
[White "Sonis, Francesco"]
[Black "Pitzanti, Matteo"]
[WhiteElo "2226"]
[BlackElo "2066"]
[Result "1-0"]
[PlyCount "69"]
[EventDate "2015.05.30"]

1. Nf3 Nf6 2. g3 d5 3. c4 e6 4. Bg2 d4 5. e3 c5 6. exd4 cxd4 7. O-O Nc6 8. d3
Be7 9. Re1 O-O 10. Na3 Re8 11. Bf4 Bb4 12. Re2 Nd7 13. Nc2 Bf8 14. Ne5 Ndxe5
15. Bxe5 Nxe5 16. Rxe5 Bd6 17. Rb5 Rb8 18. Nxd4 Bxg3 19. hxg3 Qxd4 20. Qb3 b6
21. Re1 Rd8 22. Re3 Ba6 23. Rbe5 Bb7 24. Bxb7 Rxb7 25. Qb5 Rc7 26. Rd5 Qf6 27.
Rxd8+ Qxd8 28. d4 g6 29. Rd3 Qd6 30. d5 exd5 31. Rxd5 Qe6 32. Qb4 Re7 33. Rd8+
Kg7 34. Qc3+ Qf6 35. Rg8+ 1-0

[Event "C.to Regionale Sardegna"]
[Site "Cagliari ITA"]
[Date "2015.06.01"]
[Round "4"]
[White "Sonis, Luca"]
[Black "Putzolu, Marcello"]
[WhiteElo "1746"]
[BlackElo "1751"]
[Result "1/2-1/2"]
[PlyCount "98"]
[EventDate "2015.05.30"]

1. e4 e5 2. Nf3 Nc6 3. Nc3 Nf6 4. d3 h6 5. Be2 Bc5 6. O-O d6 7. Be3 Bb6 8. h3
O-O 9. d4 exd4 10. Nxd4 Nxd4 11. Bxd4 Bxd4 12. Qxd4 Re8 13. Bf3 Bd7 14. Rad1
Qc8 15. Rfe1 Bc6 16. b4 a6 17. Nd5 Bxd5 18. exd5 Qd7 19. c4 Qa4 20. Qb2 a5 21.
a3 Qd7 22. Rxe8+ Qxe8 23. bxa5 Rxa5 24. Qxb7 Rc5 25. Qb4 Nd7 26. Re1 Qd8 27.
Be2 Ne5 28. Bf1 Qg5 29. Re3 f6 30. a4 Qf5 31. a5 Qc8 32. Kh1 Qa8 33. Ra3 Nd7
34. a6 Nb6 35. Ra5 Rxa5 36. Qxa5 Qa7 37. Qb5 Kf8 38. Qc6 Qxa6 39. Qxc7 Nxd5 40.
Qd8+ Kf7 41. Kg1 Qb6 42. Qd7+ Ne7 43. Be2 Qa5 44. Qxd6 Qe5 45. Qxe5 fxe5 46.
Kh2 Ke6 47. Bg4+ Kd6 48. Kg3 Kc5 49. Be6 Ng6 1/2-1/2

[Event "C.to Regionale Sardegna"]
[Site "Cagliari ITA"]
[Date "2015.06.01"]
[Round "4"]
[White "Spanu, Giacomo"]
[Black "Altea, Luca"]
[WhiteElo "1529"]
[BlackElo "1415"]
[Result "0-1"]
[PlyCount "126"]
[EventDate "2015.05.30"]

1. e4 d5 2. exd5 Qxd5 3. d4 Nc6 4. Nf3 a6 5. h3 Nf6 6. Nc3 Qd6 7. Be3 h6 8. Qd2
g5 9. O-O-O Bg7 10. Bc4 Bf5 11. a3 Bg6 12. Rhe1 O-O-O 13. Qe2 Na5 14. Ba2 Kb8
15. Ne5 e6 16. Nxg6 fxg6 17. Kb1 e5 18. dxe5 Qe7 19. Rxd8+ Rxd8 20. exf6 Qxf6
21. Bc1 Nc6 22. Bd5 Na7 23. Qe7 Qxe7 24. Rxe7 Bxc3 25. bxc3 Rxd5 26. Re6 Rd6
27. Rxd6 cxd6 28. h4 gxh4 29. Bxh6 Nb5 30. Kb2 d5 31. Kb3 Nd6 32. Kb4 b6 33.
Bd2 Kb7 34. a4 a5+ 35. Kb3 Ka6 36. Bf4 Nf5 37. c4 Nd4+ 38. Kb2 dxc4 39. Be5 Nf5
40. Kc3 b5 41. axb5+ Kxb5 42. Kb2 Kc5 43. Bf6 Kb5 44. Ka3 a4 45. Be5 Ka5 46.
Bc7+ Kb5 47. Be5 g5 48. Bf6 g4 49. Be5 h3 50. gxh3 gxh3 51. Bb8 Nd4 52. c3 Nf3
53. Bc7 h2 54. Bxh2 Nxh2 55. f4 Nf3 56. f5 Ne5 57. f6 Nd7 58. f7 Nf8 59. Kb2
Kc5 60. Ka3 Kd5 61. Kxa4 Ke4 62. Ka3 Kd3 63. Kb4 Nh7 0-1

[Event "C.to Regionale Sardegna"]
[Site "Cagliari ITA"]
[Date "2015.06.01"]
[Round "4"]
[White "Spiga, Sandro"]
[Black "Caredda, Giuseppe"]
[WhiteElo "1416"]
[BlackElo "1486"]
[Result "0-1"]
[PlyCount "82"]
[EventDate "2015.05.30"]

1. e4 c5 2. c3 Nf6 3. d3 e6 4. Bg5 Be7 5. Nf3 Nc6 6. Nbd2 O-O 7. d4 cxd4 8.
cxd4 Re8 9. Bd3 Qb6 10. Be3 Qxb2 11. O-O Qa3 12. Nc4 Qa6 13. h3 b5 14. Nce5 Nb4
15. Bb1 Bb7 16. Qb3 d5 17. Nd2 Nxe4 18. Nxe4 dxe4 19. a3 Bd5 20. Qb2 Nc6 21.
Nd7 Rac8 22. Nc5 Bxc5 23. dxc5 Na5 24. Rc1 Nc4 25. Qc3 Nxe3 26. fxe3 Bc4 27.
Bxe4 Rxc5 28. Rd1 Qc8 29. a4 Be2 30. Qe1 Bxd1 31. Qxd1 Rd8 32. Qf1 Re5 33. Rc1
Qd7 34. Bc6 Qd3 35. Bxb5 Qxf1+ 36. Bxf1 Rxe3 37. Kh2 g6 38. a5 Kg7 39. Rc7 a6
40. Bxa6 Ra8 41. Rc6 Ra3 0-1

[Event "C.to Regionale Sardegna"]
[Site "Cagliari ITA"]
[Date "2015.06.02"]
[Round "5"]
[White "Agus, Lorenzo"]
[Black "Erriu, Giampiero"]
[WhiteElo "1574"]
[BlackElo "1633"]
[Result "1-0"]
[PlyCount "129"]
[EventDate "2015.05.30"]

1. e4 c5 2. d4 cxd4 3. c3 dxc3 4. Nxc3 Nc6 5. Nf3 Nf6 6. e5 Ng4 7. Bf4 Qb6 8.
Qd2 e6 9. h3 Nh6 10. Bd3 Nf5 11. Bxf5 exf5 12. Nd5 Bb4 13. Nxb6 Bxd2+ 14. Bxd2
axb6 15. O-O O-O 16. a3 Re8 17. Rfe1 b5 18. Re3 b6 19. Rae1 Bb7 20. Rb3 Na5 21.
Bxa5 bxa5 22. Rxb5 Bxf3 23. gxf3 g6 24. Rd1 Re7 25. Rdd5 a4 26. Rb7 Kf8 27.
Rdxd7 Rxd7 28. Rxd7 Ke8 29. Rb7 Rd8 30. Rb4 Ra8 31. f4 h5 32. h4 Ra7 33. Kf1
Ke7 34. Ke2 Ke6 35. Kd3 Kd5 36. Rd4+ Kc5 37. Kc3 Kb5 38. b4 axb3 39. Kxb3 Kc5
40. Rc4+ Kd5 41. a4 Rb7+ 42. Rb4 Ra7 43. Rb5+ Ke4 44. a5 Kf3 45. Kb4 Kg4 46.
Rb8 Kxh4 47. Kb5 Kg4 48. Kb6 Re7 49. a6 Kxf4 50. a7 Rxa7 51. Kxa7 Kxe5 52. Rb7
f6 53. Kb6 g5 54. Kc5 h4 55. Rh7 f4 56. f3 Kf5 57. Kd5 Kg6 58. Rh8 Kg7 59. Rc8
Kg6 60. Ke6 Kg7 61. Kf5 h3 62. Rc1 g4 63. Kxg4 Kg6 64. Rh1 f5+ 65. Kxf4 1-0

[Event "C.to Regionale Sardegna"]
[Site "Cagliari ITA"]
[Date "2015.06.02"]
[Round "5"]
[White "Altea, Alessandro"]
[Black "Sonis, Francesco"]
[WhiteElo "2072"]
[BlackElo "2226"]
[Result "0-1"]
[PlyCount "94"]
[EventDate "2015.05.30"]

1. d4 Nf6 2. Bf4 c5 3. e3 Qb6 4. Nc3 cxd4 5. Qxd4 Qa5 6. Bxb8 Rxb8 7. Nf3 e6 8.
O-O-O a6 9. Kb1 b5 10. Ne4 Nxe4 11. Qxe4 Bb7 12. Qf4 d6 13. Ng5 Qc7 14. Bd3 h6
15. Ne4 f5 16. Nd2 Bxg2 17. Rhg1 g5 18. Qg3 Bc6 19. h4 Be7 20. hxg5 hxg5 21. f3
Rc8 22. Nb3 d5 23. Qf2 Qb6 24. Nd4 Kf7 25. Rg2 Bf6 26. Nxe6 Kxe6 27. Bxf5+ Ke7
28. Bxc8 Rxc8 29. Rh2 Rf8 30. Rh7+ Rf7 31. Rxf7+ Kxf7 32. f4 g4 33. Qg3 Bd7 34.
e4 Qc7 35. e5 Be7 36. f5 Ke8 37. Qf4 Qc4 38. Rd4 Qe2 39. a3 g3 40. Rd2 Qe1+ 41.
Ka2 Bxf5 42. Qxf5 Qxd2 43. Qc8+ Kf7 44. Qf5+ Kg7 45. e6 Bf6 46. Qh5 Qg5 47.
Qf7+ Kh6 0-1

[Event "C.to Regionale Sardegna"]
[Site "Cagliari ITA"]
[Date "2015.06.02"]
[Round "5"]
[White "Altea, Luca"]
[Black "Rocchiccioli, Francesco"]
[WhiteElo "1415"]
[BlackElo "1380"]
[Result "1-0"]
[PlyCount "111"]
[EventDate "2015.05.30"]

1. e4 e5 2. Nf3 Nc6 3. Bb5 d6 4. d4 Bd7 5. dxe5 dxe5 6. Bxc6 Bxc6 7. O-O Bd6 8.
Nc3 Nf6 9. Qe2 O-O 10. Rd1 Qe7 11. a3 Rad8 12. Bd2 a6 13. b4 Bb5 14. Nxb5 axb5
15. Bg5 c6 16. Re1 Rfe8 17. Rad1 h6 18. Bh4 Rd7 19. Bg3 Qe6 20. Nh4 Red8 21.
Nf5 Bf8 22. Rxd7 Rxd7 23. Bh4 Kh8 24. Qf3 b6 25. Nxh6 Nxe4 26. Nxf7+ Rxf7 27.
Qh5+ Kg8 28. Rxe4 Qa2 29. Qe2 Qb1+ 30. Qe1 Qxc2 31. Rxe5 Rd7 32. Qf1 Rd1 33.
Re1 Rxe1 34. Qxe1 Qa2 35. g3 Qxa3 36. Qe6+ Kh8 37. Qxc6 Qxb4 38. Qxb6 Qe1+ 39.
Kg2 Qe4+ 40. f3 Qc2+ 41. Qf2 Qxf2+ 42. Kxf2 b4 43. Ke2 b3 44. Kd2 b2 45. Kc2
Ba3 46. Bg5 Kh7 47. Bd2 Kg6 48. Bc3 Kf7 49. Bxb2 Bxb2 50. Kxb2 g5 51. Kc2 Kf6
52. Kd3 Kf5 53. Ke3 g4 54. fxg4+ Kxg4 55. Kf2 Kh3 56. Kf3 1-0

[Event "C.to Regionale Sardegna"]
[Site "Cagliari ITA"]
[Date "2015.06.02"]
[Round "5"]
[White "Buttau, Giancarlo"]
[Black "Bonali, Leonardo"]
[WhiteElo "1416"]
[BlackElo "1651"]
[Result "0-1"]
[PlyCount "92"]
[EventDate "2015.05.30"]

1. d4 Nf6 2. c4 c5 3. Nf3 e6 4. Bf4 d5 5. e3 Nc6 6. Be2 Qb6 7. b3 Be7 8. Nc3
cxd4 9. exd4 Bb4 10. Bd2 Nxd4 11. Na4 Nxf3+ 12. Bxf3 Qa5 13. Bxb4 Qxb4+ 14. Qd2
Qxd2+ 15. Kxd2 Bd7 16. cxd5 Bxa4 17. bxa4 Rd8 18. Rhe1 Nxd5 19. Bxd5 Rxd5+ 20.
Ke2 Ra5 21. Rac1 O-O 22. Rc2 Rxa4 23. Rec1 h6 24. Kf1 Rd8 25. g3 b6 26. Kg2 b5
27. Kh3 a6 28. Kg2 Kh7 29. Rc7 Kg6 30. R1c2 Rd3 31. Re7 Rc4 32. Rxc4 bxc4 33.
Rc7 Ra3 34. Rxc4 Rxa2 35. Rc7 a5 36. Ra7 a4 37. Ra5 f6 38. h4 e5 39. Kf3 Kh5
40. Ra7 Ra3+ 41. Ke4 g5 42. hxg5 hxg5 43. f4 exf4 44. Kf5 Kh6 45. Kxf6 fxg3 46.
Rg7 Rf3+ 0-1

[Event "C.to Regionale Sardegna"]
[Site "Cagliari ITA"]
[Date "2015.06.02"]
[Round "5"]
[White "Caddeo, Pierluigi"]
[Black "Carrus, Mario"]
[WhiteElo "1546"]
[BlackElo "1694"]
[Result "0-1"]
[PlyCount "68"]
[EventDate "2015.05.30"]

1. e4 d5 2. exd5 Qxd5 3. Nc3 Qa5 4. d4 Nf6 5. Nf3 Bf5 6. Bb5+ c6 7. Bc4 Nbd7 8.
O-O e6 9. a3 Bd6 10. Bd2 Qc7 11. Ne2 Ne4 12. Bb4 Bxb4 13. axb4 a6 14. b5 Nb6
15. Bd3 cxb5 16. Bxb5+ axb5 17. Rxa8+ Nxa8 18. Qa1 Nb6 19. Qa5 O-O 20. c3 Nd6
21. Qa1 Bg4 22. Qc1 Bxf3 23. gxf3 Qc6 24. Qf4 Nd5 25. Qg5 b4 26. cxb4 Qc4 27.
Ng3 Qxd4 28. Nh5 Rc8 29. Kg2 h6 30. Qg3 Nf5 31. Qh3 g6 32. Qg4 Rc2 33. Qxd4
Nxd4 34. Ng3 Ne3+ 0-1

[Event "C.to Regionale Sardegna"]
[Site "Cagliari ITA"]
[Date "2015.06.02"]
[Round "5"]
[White "Caredda, Giuseppe"]
[Black "Olivieri, Guglielmo"]
[WhiteElo "1486"]
[BlackElo "1566"]
[Result "0-1"]
[PlyCount "68"]
[EventDate "2015.05.30"]

1. d4 g6 2. c4 Bg7 3. Nc3 h6 4. Nf3 Nf6 5. e4 d6 6. Be2 O-O 7. O-O b6 8. h3 Bb7
9. d5 Nbd7 10. b4 Nxe4 11. Nxe4 Bxa1 12. Bxh6 Bg7 13. Bxg7 Kxg7 14. Qd4+ Kg8
15. Neg5 Nf6 16. Bd3 Bc8 17. Qh4 Kg7 18. Qd4 Bd7 19. Nd2 Qc8 20. Nde4 Bf5 21.
h4 Rh8 22. Nxf6 exf6 23. Bxf5 Qxf5 24. Nf3 Rae8 25. c5 Re4 26. Qd2 bxc5 27.
bxc5 dxc5 28. Rc1 Rg4 29. Kf1 Rb8 30. Qd1 Rb5 31. g3 Rgb4 32. Kg2 Rb1 33. Rxb1
Rxb1 34. d6 Rxd1 0-1

[Event "C.to Regionale Sardegna"]
[Site "Cagliari ITA"]
[Date "2015.06.02"]
[Round "5"]
[White "Carucci, Bruno"]
[Black "Biondelli, Marco"]
[WhiteElo "1410"]
[BlackElo "1637"]
[Result "0-1"]
[PlyCount "50"]
[EventDate "2015.05.30"]

1. d4 d5 2. c4 c6 3. Nc3 Nf6 4. Nf3 e6 5. Bg5 Nbd7 6. e3 Qa5 7. Bxf6 Nxf6 8.
Bd3 dxc4 9. Bc2 Bb4 10. Nd2 b5 11. O-O Bxc3 12. bxc3 Qxc3 13. a4 Bd7 14. axb5
cxb5 15. Ne4 Nxe4 16. Bxe4 Rb8 17. Rxa7 f5 18. Bf3 Rd8 19. Bh5+ g6 20. Bf3 O-O
21. d5 Qd3 22. Qa1 exd5 23. Rd1 Qb3 24. Bxd5+ Rf7 25. Qf6 Qxd1# 0-1

[Event "C.to Regionale Sardegna"]
[Site "Cagliari ITA"]
[Date "2015.06.02"]
[Round "5"]
[White "Depau, Alessandro"]
[Black "Dessy, Eugenio"]
[WhiteElo "1811"]
[BlackElo "1637"]
[Result "1-0"]
[PlyCount "69"]
[EventDate "2015.05.30"]

1. e4 g6 2. d4 Bg7 3. Nc3 d6 4. Bg5 a6 5. Be2 b5 6. h4 h6 7. Be3 h5 8. Nh3 Nf6
9. Bf3 Ng4 10. Bg5 Nc6 11. e5 Qd7 12. exd6 cxd6 13. Ne2 Bb7 14. c3 Na5 15. Qd3
Bxf3 16. Qxf3 O-O 17. O-O Nc4 18. b3 Nb6 19. Rfe1 Rac8 20. Ng3 e6 21. Ne4 Qc6
22. Be7 Rfe8 23. Bg5 f5 24. Ng3 Qxc3 25. Qb7 Bxd4 26. Ne2 Bxf2+ 27. Nxf2 Qc5
28. Qf3 e5 29. Rf1 Nd5 30. Rac1 e4 31. Qg3 Qb6 32. Rcd1 Rc2 33. Rxd5 Rxe2 34.
Rxd6 Qe3 35. Bxe3 1-0

[Event "C.to Regionale Sardegna"]
[Site "Cagliari ITA"]
[Date "2015.06.02"]
[Round "5"]
[White "Deruda, Leonardo"]
[Black "Di Pinto, Vincenzo"]
[WhiteElo "1791"]
[BlackElo "1647"]
[Result "1-0"]
[PlyCount "43"]
[EventDate "2015.05.30"]

1. g3 e5 2. Bg2 d5 3. d4 e4 4. c4 c6 5. cxd5 cxd5 6. Nh3 Nf6 7. O-O Be7 8. Bg5
O-O 9. Nf4 Qd6 10. Nc3 Be6 11. Rc1 a6 12. f3 exf3 13. Bxf3 Nbd7 14. Qb3 h6 15.
Bxf6 Nxf6 16. Ncxd5 Nxd5 17. Bxd5 Bxd5 18. Qxd5 Qb6 19. e3 Qxb2 20. Ng6 Rfe8
21. Qxf7+ Kh7 22. Nxe7 1-0

[Event "C.to Regionale Sardegna"]
[Site "Cagliari ITA"]
[Date "2015.06.02"]
[Round "5"]
[White "Lobina, Giulio"]
[Black "Pannella, Maria Cristina"]
[WhiteElo "1767"]
[BlackElo "1431"]
[Result "1-0"]
[PlyCount "55"]
[EventDate "2015.05.30"]

1. b4 e5 2. Bb2 Bxb4 3. Bxe5 Nf6 4. c3 d6 5. Bg3 Ba5 6. Nf3 O-O 7. Qc2 c5 8. e3
Re8 9. Be2 Nc6 10. O-O d5 11. Bb5 Bc7 12. d4 Bxg3 13. hxg3 c4 14. Nbd2 Ne4 15.
Nxe4 Rxe4 16. Bxc4 Re6 17. Bd3 Rh6 18. Rfe1 Ne7 19. Ne5 Be6 20. Rab1 Qc8 21. f4
Bh3 22. gxh3 Qxh3 23. Qg2 Qxg2+ 24. Kxg2 Rc8 25. Rxb7 Ng6 26. Nxf7 Rh5 27. g4
Rh4 28. Kg3 1-0

[Event "C.to Regionale Sardegna"]
[Site "Cagliari ITA"]
[Date "2015.06.02"]
[Round "5"]
[White "Murgia, Elio"]
[Black "Liguori, Aniello"]
[WhiteElo "1698"]
[BlackElo "1808"]
[Result "1/2-1/2"]
[PlyCount "60"]
[EventDate "2015.05.30"]

1. d4 Nf6 2. c4 g6 3. Nc3 Bg7 4. e4 d6 5. Be2 O-O 6. h4 h6 7. Be3 Nbd7 8. Qd2
Kh7 9. Nf3 e5 10. O-O-O exd4 11. Bxd4 Qe7 12. Qf4 Nh5 13. Qd2 Bxd4 14. Nxd4
Nhf6 15. f3 Ne5 16. g4 Be6 17. b3 Nfd7 18. Rhg1 Nb6 19. f4 Nc6 20. Nc2 a5 21.
f5 Bd7 22. Ne3 a4 23. h5 g5 24. Ned5 Nxd5 25. exd5 Ne5 26. Qc2 axb3 27. axb3 f6
28. Rge1 Ra3 29. Kb2 Rfa8 30. Ra1 Rxa1 1/2-1/2

[Event "C.to Regionale Sardegna"]
[Site "Cagliari ITA"]
[Date "2015.06.02"]
[Round "5"]
[White "Neri, Enzo"]
[Black "Mameli, Gianluca"]
[WhiteElo "2036"]
[BlackElo "1957"]
[Result "1/2-1/2"]
[PlyCount "38"]
[EventDate "2015.05.30"]

1. d4 Nf6 2. c4 e5 3. dxe5 Ng4 4. Nf3 Bc5 5. e3 Nc6 6. Bd2 Ngxe5 7. Nxe5 Nxe5
8. Bc3 Qe7 9. Be2 a5 10. O-O O-O 11. Nd2 Ra6 12. Nf3 Ng4 13. Bd4 Rh6 14. Bxc5
Qxc5 15. Qd5 Qe7 16. h3 Nf6 17. Qe5 Qxe5 18. Nxe5 d6 19. Nf3 Ne4 1/2-1/2

[Event "C.to Regionale Sardegna"]
[Site "Cagliari ITA"]
[Date "2015.06.02"]
[Round "5"]
[White "Pitzanti, Matteo"]
[Black "Marras, Giuseppe"]
[WhiteElo "2066"]
[BlackElo "1774"]
[Result "1/2-1/2"]
[PlyCount "102"]
[EventDate "2015.05.30"]

1. e4 e6 2. d4 d5 3. Nd2 Nf6 4. e5 Nfd7 5. Bd3 c5 6. c3 Nc6 7. Ne2 cxd4 8. cxd4
f6 9. exf6 Nxf6 10. O-O Bd6 11. Nf3 Qc7 12. h3 O-O 13. Be3 Bd7 14. Re1 Rae8 15.
Rc1 Qb8 16. Nc3 a6 17. Na4 e5 18. dxe5 Nxe5 19. Nxe5 Rxe5 20. Nc5 Bc8 21. Nb3
Re7 22. Bg5 Rxe1+ 23. Qxe1 Bd7 24. Qd2 Ne4 25. Bxe4 dxe4 26. Rd1 Bh2+ 27. Kh1
Bc6 28. Be7 Bf4 29. Qc3 Re8 30. Bc5 h6 31. Qc4+ Kh8 32. Qf7 Rg8 33. Nd4 Be8 34.
Qf5 Qe5 35. Qxe5 Bxe5 36. Nf5 Bf6 37. Rd6 Kh7 38. Be3 Rf8 39. Rd2 Bc6 40. Ng3
Rd8 41. Rxd8 Bxd8 42. Kg1 Kg6 43. Kf1 Ba5 44. a3 Bc7 45. Ne2 Bb5 46. Ke1 Bxe2
47. Kxe2 Be5 48. b3 Kf5 49. Bc5 h5 50. f3 exf3+ 51. Kxf3 g6 1/2-1/2

[Event "C.to Regionale Sardegna"]
[Site "Cagliari ITA"]
[Date "2015.06.02"]
[Round "5"]
[White "Putzolu, Marcello"]
[Black "Carta, Francesco"]
[WhiteElo "1751"]
[BlackElo "1664"]
[Result "1-0"]
[PlyCount "71"]
[EventDate "2015.05.30"]

1. e4 c5 2. Nf3 d6 3. c3 Nf6 4. d3 Nc6 5. Be2 e6 6. O-O Be7 7. h3 O-O 8. Bf4 e5
9. Be3 h6 10. c4 Nd4 11. Nxd4 cxd4 12. Bd2 Bd7 13. f4 Qb6 14. Qb3 Rfc8 15. Qxb6
axb6 16. Bb4 Ne8 17. fxe5 b5 18. exd6 Bxd6 19. Bxd6 Nxd6 20. cxb5 Rc2 21. Bh5
g6 22. Bf3 Bxb5 23. Na3 Rxb2 24. Nxb5 Rxb5 25. Bd1 Rb2 26. Bb3 Ra5 27. Rac1 Rg5
28. Rf2 Rxf2 29. Kxf2 Rb5 30. Rc7 Kh8 31. Rd7 Rb6 32. e5 Nf5 33. Rxf7 Rc6 34.
e6 Rc8 35. e7 Nd6 36. Rf8+ 1-0

[Event "C.to Regionale Sardegna"]
[Site "Cagliari ITA"]
[Date "2015.06.02"]
[Round "5"]
[White "Sollai, Matteo"]
[Black "Serra, Emanuele"]
[WhiteElo "1750"]
[BlackElo "1815"]
[Result "0-1"]
[PlyCount "70"]
[EventDate "2015.05.30"]

1. e4 c5 2. Nf3 d6 3. d4 cxd4 4. Nxd4 Nf6 5. Nc3 a6 6. f3 e5 7. Nb3 Be6 8. Bg5
Nbd7 9. Qd2 Be7 10. O-O-O O-O 11. h4 Rc8 12. g4 b5 13. Bxf6 Nxf6 14. Nd5 Nxd5
15. exd5 Bd7 16. Kb1 f5 17. g5 Qc7 18. Bd3 Ra8 19. Rc1 a5 20. c4 b4 21. Qe3 a4
22. Nd2 Ra5 23. Rhg1 Qb8 24. g6 h6 25. Rg2 Bd8 26. c5 Rxc5 27. Rxc5 Bb6 28. Qe2
Bxc5 29. Nf1 Qb6 30. Ng3 Be3 31. Nf1 Bf4 32. Nd2 Rc8 33. Rf2 Qd4 34. Rf1 Qc5
35. Rd1 Rc7 0-1

[Event "C.to Regionale Sardegna"]
[Site "Cagliari ITA"]
[Date "2015.06.02"]
[Round "5"]
[White "Spanu, Giacomo"]
[Black "Spiga, Sandro"]
[WhiteElo "1529"]
[BlackElo "1416"]
[Result "1-0"]
[PlyCount "59"]
[EventDate "2015.05.30"]

1. e4 e5 2. Nf3 Nc6 3. Bb5 a6 4. Ba4 Nf6 5. d3 Be7 6. c3 O-O 7. O-O d5 8. exd5
Nxd5 9. Bxc6 bxc6 10. Nxe5 Qd6 11. d4 f6 12. Nd3 Be6 13. Nd2 Qd7 14. Nf3 Bd6
15. c4 Be7 16. cxd5 Bxd5 17. Bf4 Rac8 18. Re1 Rfe8 19. Nc5 Qg4 20. Bg3 f5 21.
h3 Qg6 22. Ne5 Qg5 23. Nf3 Qg6 24. Nxa6 f4 25. Bxf4 Bd6 26. Rxe8+ Rxe8 27. Bxd6
cxd6 28. Nc7 Rf8 29. Nxd5 cxd5 30. a4 1-0

[Event "C.to Regionale Sardegna"]
[Site "Cagliari ITA"]
[Date "2015.06.02"]
[Round "5"]
[White "Zuccarelli, Angelo"]
[Black "Sonis, Luca"]
[WhiteElo "1888"]
[BlackElo "1746"]
[Result "0-1"]
[PlyCount "36"]
[EventDate "2015.05.30"]

1. e4 e5 2. Nf3 Nc6 3. Bb5 d6 4. d4 exd4 5. Nxd4 Bd7 6. Nxc6 Bxc6 7. Bxc6+ bxc6
8. Nc3 Nf6 9. O-O Be7 10. Qd3 O-O 11. Ne2 Re8 12. Bg5 Nxe4 13. Bxe7 Rxe7 14.
Nd4 Qd7 15. Rae1 Rae8 16. Qa6 Nd2 17. Rxe7 Qxe7 18. Rd1 Qe1+ 0-1

[Event "C.to Regionale Sardegna"]
[Site "Cagliari ITA"]
[Date "2015.06.02"]
[Round "6"]
[White "Biondelli, Marco"]
[Black "Altea, Luca"]
[WhiteElo "1637"]
[BlackElo "1415"]
[Result "1-0"]
[PlyCount "149"]
[EventDate "2015.05.30"]

1. d4 Nf6 2. c4 c5 3. e3 Nc6 4. Nc3 b6 5. Nf3 g6 6. d5 Nb8 7. e4 d6 8. Be2 Bg7
9. O-O Na6 10. Bg5 O-O 11. a3 Nc7 12. Rc1 Bb7 13. Qd2 Re8 14. Rfd1 a6 15. Qc2
b5 16. cxb5 axb5 17. Nxb5 Ba6 18. Nxc7 Bxe2 19. Qxe2 Qxc7 20. Rc2 Ra4 21. Rc4
Rea8 22. Rdc1 Qb7 23. R1c2 Qb5 24. Rxa4 Qxa4 25. Qc4 Qd7 26. h3 Ra4 27. Qb3
Rxe4 28. Qb8+ Bf8 29. Bh6 Qe8 30. Qxe8 Nxe8 31. Bxf8 Kxf8 32. Rd2 Kg7 33. Kf1
h6 34. Rd3 Nf6 35. b3 e6 36. dxe6 Rxe6 37. Nd2 d5 38. Rc3 Nd7 39. Rd3 Nb6 40.
f4 Rc6 41. Ke2 c4 42. bxc4 dxc4 43. Rc3 Kf6 44. Kf3 Rd6 45. Ne4+ Ke6 46. Nxd6
Kxd6 47. g4 Kd5 48. Ke3 f6 49. h4 h5 50. gxh5 gxh5 51. Rc2 f5 52. Rg2 c3 53.
Kd3 Ke6 54. Rg6+ Kd5 55. Rxb6 c2 56. Rb5+ Kc6 57. Kxc2 Kxb5 58. Kd3 Ka4 59. Kd4
Kxa3 60. Ke5 Kb3 61. Kxf5 Kc3 62. Ke6 Kd4 63. Kf5 Ke3 64. Kg5 Ke4 65. f5 Ke5
66. f6 Ke6 67. Kg6 Ke5 68. f7 Kf4 69. Kxh5 Kg3 70. f8=Q Kh3 71. Qa3+ Kh2 72.
Kg4 Kg1 73. Qb2 Kf1 74. Kf3 Kg1 75. Qg2# 1-0